Where Did These 2022-2023 Players Play Before Joining United - Statistics

General Stats
  • This quiz has been taken 43 times
  • The average score is 27 of 40
Answer Stats
Player Nationality Position Year Joined Answer % Correct
Raphaël Varane France DF 2021 Real Madrid
94%
Jadon Sancho England FW 2021 Borussia Dortmund
90%
Harry Maguire England DF 2019 Leicester City
90%
Casemiro Brazil MF 2022 Real Madrid
90%
Donny Van De Beek Netherlands MF 2020 Ajax
87%
Antony Brazil FW 2022 Ajax
87%
David De Gea Spain GK 2011 Atletico Madrid
87%
Marcel Sabitzer(On loan at United) Austria MF 2023 Bayern Munich
84%
Marcus Rashford England FW 2015 Manchester United(Academy)
84%
Mason Greenwood England FW 2018 Manchester United(Academy)
84%
Alejandro Garnacho Argentina FW 2022 Manchester United(Academy)
84%
Bruno Fernandes Portugal MF 2020 Sporting Lisbon
81%
Lisandro Martinez Argentina DF 2022 Ajax
77%
Anthony Martial France FW 2015 AS Monaco
77%
Aaron Wan-Bissaka England DF 2019 Crystal Palace
77%
Scott McTominay Scotland MF 2017 Manchester United(Academy)
77%
Anthony Elanga Sweden FW 2021 Manchester United(Academy)
77%
Christian Eriksen Denmark MF 2022 Brentford
74%
Tyrell Malacia Netherlands DF 2022 Feyenoord
74%
Brandon Williams England DF 2019 Manchester United(Academy)
74%
Axel Tuanzebe England DF 2015 Manchester United(Academy)
74%
Kobbie Mainoo England MF 2022 Manchester United(Academy)
74%
Luke Shaw England DF 2014 Southampton
74%
Alex Telles Brazil DF 2020 FC Porto
71%
Dean Henderson England GK 2015 Manchester United(Academy)
71%
Teden Mengi England DF 2019 Manchester United(Academy)
71%
Zidane Iqbal Iraq MF 2021 Manchester United(Academy)
71%
Hannibal Mejbri Tunisia MF 2021 Manchester United(Academy)
71%
Alvaro Fernandez Spain DF 2022 Manchester United(Academy)
65%
Shola Shoretire England FW 2021 Manchester United(Academy)
65%
Wout Weghorst Netherlands FW 2023 Burnley
61%
Diogo Dalot Portugal DF 2018 FC Porto
61%
Victor Lindelof Sweden DF 2017 Benfica
52%
Fred Brazil MF 2018 Shakhtar Donetsk
39%
Amad Diallo Ivory Coast FW 2021 Atalanta
35%
Eric Bailly Ivory Coast DF 2016 Villareal
35%
Phil Jones England DF 2011 Blackburn Rovers
32%
Jack Butland(On loan at United) England GK 2023 Crystal Palace
32%
Facundo Pellistri Uruguay FW 2020 Penarol
26%
Tom Heaton England GK 2021 Aston Villa
13%
No matching quizzes found
Score Distribution
Percent of People with Each Score
Percentile by Number Answered
Your Score History
You have not taken this quiz